000 00377nam a2200145 i 4500
001 72470
003 ES-MaACL
007 t|
008 040901s1918 fr ||||1| fre d
100 1 _aGiraudoux, Jean.
_957248
245 1 0 _aVoyage /
_cde Jean Giraudoux.
260 _aParis :
_b[s.n.,
_c1918] (
_eFrazier :
_fSoye)
300 _a125 p. ;
_c20 cm.
852 _aES-MaACL
_jG-6326
999 _c72470
_d72470